Decision Making

Պահպանված է:
Մատենագիտական մանրամասներ
Հիմնական հեղինակներ: Audley, R. J (Հեղինակ), Braithwaite, Richard B (Հեղինակ), Cassen, Robert (Հեղինակ), Johnston, John (Հեղինակ), Joy, Leonard (Հեղինակ), Rapoport, Anatol (Հեղինակ), Self, Peter (Հեղինակ), Watkins, J.W (Հեղինակ)
Ձևաչափ: Գիրք
Լեզու:անգլերեն
Հրապարակվել է: Londres British Braodcasting Corporation 1967
Խորագրեր:
Ցուցիչներ: Ավելացրեք ցուցիչ
Չկան պիտակներ, Եղեք առաջինը, ով նշում է այս գրառումը!

MARC

LEADER 00000nam a2200000 a 4500
001 UCS0831
003 CL-VaPUC
008 970428e19670000UK |||||||||||||||||eng|d
082 0 4 |a 658.403  |b AUD  |2 21 
100 0 |a Audley, R. J  |e author  |9 384644 
700 0 |a Braithwaite, Richard B  |e author  |9 384645 
700 0 |a Cassen, Robert  |e author  |9 384646 
700 |a Johnston, John  |e author  |9 423008 
700 0 |a Joy, Leonard  |e author  |9 384648 
700 0 |a Rapoport, Anatol  |e author  |9 384649 
700 0 |a Self, Peter  |e author  |9 384650 
700 0 |a Watkins, J.W  |e author  |9 384651 
245 1 0 |a Decision Making 
300 |a 95 p 
942 |c BK 
945 |d 19970428 00:00:00  |a amoreno 
260 |a Londres  |b British Braodcasting Corporation  |c 1967 
650 0 |a Mercados  |9 338624 
650 0 |a Teoría económica  |9 315055 
650 7 |a PLANIFICACION  |2 CL-VaPUC  |9 260802 
650 7 |a POLITICA DE MERCADO  |2 CL-VaPUC  |9 384652 
650 0 |a Relaciones Internacionales  |9 255740 
583 |a last modification  |c 20111219 01:10:34  |k Rodrigo Vera 
999 |c 258985  |d 258983 
952 |0 0  |1 0  |4 0  |6 658_403000000000000_AUD_1967  |7 0  |8 A  |9 283439  |a BIBGIM  |b BIBGIM  |d 2019-11-19  |i 3279316  |o 658.403 AUD 1967  |p 3279316  |r 2025-01-15  |w 2019-11-19  |y BK  |k COM